000 00257nam a22001217a 4500
003 SGT
020 _a658.8
082 _aGUP
100 _aGUPTA, PRACHI
245 _aMARKETING MANAGEMENT: INDIAN CASES
260 _aPEARSON INDIA
_c2018
942 _2ddc
_cBK
_07
999 _c14312
_d14312